Project management / (Record no. 6132)

MARC details
000 -LEADER
fixed length control field 02494cam a22003858i 4500
001 - CONTROL NUMBER
control field 22154205
003 - CONTROL NUMBER IDENTIFIER
control field OSt
005 - DATE AND TIME OF LATEST TRANSACTION
control field 20230801062557.0
008 - FIXED-LENGTH DATA ELEMENTS--GENERAL INFORMATION
fixed length control field 210728s2022 enk b 001 0 eng
010 ## - LIBRARY OF CONGRESS CONTROL NUMBER
LC control number 2021033340
020 ## - INTERNATIONAL STANDARD BOOK NUMBER
International Standard Book Number 9781292088433
Qualifying information (paperback)
020 ## - INTERNATIONAL STANDARD BOOK NUMBER
Canceled/invalid ISBN 9781292088471
Qualifying information (ebook)
020 ## - INTERNATIONAL STANDARD BOOK NUMBER
Canceled/invalid ISBN 9781292088440
Qualifying information (epub)
040 ## - CATALOGING SOURCE
Original cataloging agency DLC
Language of cataloging eng
Description conventions rda
Transcribing agency DLC
042 ## - AUTHENTICATION CODE
Authentication code pcc
050 00 - LIBRARY OF CONGRESS CALL NUMBER
Classification number HD69.P75
Item number .M3796 2022
082 00 - DEWEY DECIMAL CLASSIFICATION NUMBER
Classification number 658.404 M796 2022
Edition number 23
100 1# - MAIN ENTRY--PERSONAL NAME
Personal name Maylor, Harvey,
Relator term author.
245 10 - TITLE STATEMENT
Title Project management /
Statement of responsibility, etc. Harvey Maylor, Neil Turner.
250 ## - EDITION STATEMENT
Edition statement Fifth edition.
263 ## - PROJECTED PUBLICATION DATE
Projected publication date 2204
264 #1 - PRODUCTION, PUBLICATION, DISTRIBUTION, MANUFACTURE, AND COPYRIGHT NOTICE
Place of production, publication, distribution, manufacture Harlow, England ;
-- New York :
Name of producer, publisher, distributor, manufacturer Pearson,
Date of production, publication, distribution, manufacture, or copyright notice 2022.
300 ## - PHYSICAL DESCRIPTION
Extent 447 pages
Dimensions 23 cm.
336 ## - CONTENT TYPE
Content type term text
Content type code txt
Source rdacontent
337 ## - MEDIA TYPE
Media type term unmediated
Media type code n
Source rdamedia
338 ## - CARRIER TYPE
Carrier type term volume
Carrier type code nc
Source rdacarrier
504 ## - BIBLIOGRAPHY, ETC. NOTE
Bibliography, etc. note Includes bibliographical references and index.
520 ## - SUMMARY, ETC.
Summary, etc. "Project Management is a fast-moving and increasingly widespread discipline with record numbers of practitioners now gaining professional qualifications. Delivering projects on time and within budget is critical to business success and the skill, therefore, is highly valued in graduates and managers alike. Highlights of this fifth edition include: Brand new chapters on Planning and scheduling, Advanced Project Thinking (APT), Procuring, contracting, and working with supply chains. New scene-setting vignettes open each chapter, such as the Range Rover Sport and the Nobel Peace Prize to Nadia Murad and Denis Mukwege Project Management in Practice case studies at the end of each chapter include Heathrow Terminal 5 and the Rescue of Crossrail New and revised Real World examples throughout all chapters A critical appraisal of project management, drawing on recent research and new and original models and frameworks Project Management is written for students on undergraduate, masters and MBA programmes, as well as for corporate training and for professionals practising in a dynamic and fast-developing field"--
Assigning source Provided by publisher.
650 #0 - SUBJECT ADDED ENTRY--TOPICAL TERM
Topical term or geographic name entry element Project management.
700 1# - ADDED ENTRY--PERSONAL NAME
Personal name Turner, Neil,
Dates associated with a name 1970-
Relator term author.
776 08 - ADDITIONAL PHYSICAL FORM ENTRY
Relationship information Online version:
Main entry heading Maylor, Harvey.
Title Project management
Edition Fifth edition.
Place, publisher, and date of publication Harlow, England ; New York : Pearson, 2022
International Standard Book Number 9781292088471
Record control number (DLC) 2021033341
906 ## - LOCAL DATA ELEMENT F, LDF (RLIN)
a 7
b cbc
c orignew
d 1
e ecip
f 20
g y-gencatlg
942 ## - ADDED ENTRY ELEMENTS (KOHA)
Source of classification or shelving scheme Dewey Decimal Classification
Koha item type English Book
Suppress in OPAC No
Holdings
Withdrawn status Lost status Source of classification or shelving scheme Damaged status Not for loan Home library Current library Date acquired Total Checkouts Full call number Barcode Date last seen Price effective from Koha item type Date due Date last checked out Copy number
    Dewey Decimal Classification     CENTRAL CENTRAL 08/01/2023   658.404 M796 2022 1000000015483 08/01/2023 08/01/2023 English Book      
    Dewey Decimal Classification     WOMEN WOMEN 08/21/2023 1 658.404 M796 2022 1000000017862 09/04/2025 08/21/2023 English Book 09/18/2025 09/04/2025 C2